[Event "Superettan(Rodeby-Wasa)"]
[Site "?"]
[Date "2011.12.03"]
[Round "3"]
[White "Claesson, Michael"]
[Black "Wenzel, Birger"]
[Result "0-1"]
[WhiteElo "2129"]
[BlackElo "2060"]
[PlyCount "82"]

1. e4 e5 2. Bc4 Nc6 3. Nf3 Bc5 4. c3 Nf6 5. d4 exd4 6. cxd4 Bb4+ 7. Bd2 Bxd2+
8. Nbxd2 d5 9. exd5 Nxd5 10. Qb3 Nce7 11. O-O O-O 12. Rfe1 c6 13. Ne5 Qb6 14.
Ndf3 Qxb3 15. Bxb3 h6 16. Rac1 Be6 17. g3 a5 18. a3 Rfd8 19. Bc4 Nf5 20. Rcd1
a4 21. Bf1 Nc7 22. Nc4 Bd5 23. Nfe5 Ne6 24. Nb6 Ra5 25. Nxd5 Raxd5 26. Bc4 Rxd4
27. Rxd4 Nfxd4 28. Kg2 c5 29. f4 b5 30. Ba2 Nb3 31. Bxb3 Rd2+ 32. Kh3 axb3 33.
Rb1 Nd4 34. Nd7 c4 35. Kg4 Nc2 36. Nc5 Ne3+ 37. Kf3 Rd1 38. Rxd1 Nxd1 39. Ne4
c3 40. bxc3 b2 41. Nd2 Nxc3 0-1

[Event "Superettan(Rodeby-Wasa)"]
[Site "?"]
[Date "2011.12.03"]
[Round "3"]
[White "Soderberg, Per"]
[Black "Laksman, Efraim"]
[Result "1-0"]
[WhiteElo "2230"]
[BlackElo "2219"]
[PlyCount "113"]

1. e4 c5 2. Nf3 Nc6 3. Bb5 g6 4. O-O a6 5. Bxc6 dxc6 6. a4 Bg7 7. a5 Nf6 8. d3
Qc7 9. Nbd2 Bg4 10. h3 Bxf3 11. Qxf3 Nd7 12. Nc4 b5 13. axb6 Nxb6 14. Na5 O-O
15. Bf4 Qd7 16. Rfb1 Qe6 17. Be3 Nd7 18. Qg4 f5 19. exf5 gxf5 20. Qc4 Qxc4 21.
dxc4 f4 22. Bd2 Ne5 23. Bc3 Rfc8 24. Re1 Ng6 25. Bxg7 Kxg7 26. Re6 Rab8 27. b3
Rb6 28. Rae1 Rc7 29. R1e4 Kf7 30. g3 fxg3 31. fxg3 Nf8 32. R6e5 Ng6 33. Rf5+
Kg7 34. h4 Rb8 35. h5 Nf8 36. Rxc5 Rd8 37. Rxc6 Rxc6 38. Nxc6 Rd2 39. Rxe7+ Kf6
40. Re3 Ne6 41. Nb4 Nc5 42. Nd5+ Kf5 43. Rf3+ Kg4 44. Rf2 Rxf2 45. Kxf2 Ne4+
46. Kg2 Nxg3 47. Nf6+ Kf4 48. c5 h6 49. c6 Nf5 50. c7 Nd6 51. Nd5+ Kg4 52. Ne7
Kxh5 53. c8=Q Nxc8 54. Nxc8 Kg4 55. Ne7 Kf4 56. Nd5+ Ke4 57. Nb4 1-0

[Event "Superettan(Rodeby-Wasa)"]
[Site "?"]
[Date "2011.12.03"]
[Round "3"]
[White "Eriksson, Bengt"]
[Black "Gundersen, Ingvar"]
[Result "1-0"]
[WhiteElo "2119"]
[BlackElo "1849"]
[PlyCount "79"]
[EventDate "2011.??.??"]

1. d4 d5 2. Bg5 Nf6 3. Bxf6 exf6 4. e3 c6 5. Bd3 Bd6 6. Nd2 O-O 7. Qf3 Na6 8.
c3 c5 9. Qxd5 Nc7 10. Qh5 g6 11. Qd1 cxd4 12. cxd4 Nd5 13. Ngf3 Bd7 14. a3 Bc6
15. O-O Rc8 16. Rc1 Re8 17. Re1 Bb8 18. e4 Nf4 19. Bf1 b6 20. g3 Nh5 21. Ba6
Rc7 22. Qb3 Ba8 23. Bc4 Rf8 24. Rc3 Qd7 25. e5 Qh3 26. e6 Rxc4 27. Qxc4 Nf4 28.
gxf4 Bxf4 29. Qf1 Qg4+ 30. Qg2 Qxg2+ 31. Kxg2 Bxd2 32. e7 Bxf3+ 33. Kxf3 Bxe1
34. exf8=Q+ Kxf8 35. Rc2 b5 36. b4 a5 37. Ke2 axb4 38. Kxe1 bxa3 39. Rc8+ Ke7
40. Rb8 1-0

[Event "Superettan(Rodeby-Wasa)"]
[Site "?"]
[Date "2011.12.03"]
[Round "3"]
[White "Marchand, Eric"]
[Black "Dolgov, Mikhail"]
[Result "0-1"]
[WhiteElo "2062"]
[BlackElo "2010"]
[PlyCount "84"]
[SourceDate "2011.12.29"]

1. d4 f5 2. g3 Nf6 3. Bg2 d5 4. Nf3 e6 5. c4 c6 6. O-O Bd6 7. b3 Qe7 8. a4 a5
9. Ba3 Bxa3 10. Nxa3 Na6 11. Nc2 O-O 12. Ne5 Nd7 13. Nd3 Nb6 14. Qd2 dxc4 15.
bxc4 Nxc4 16. Qc3 Nd6 17. Qxa5 Nc7 18. Qc5 Nd5 19. Ncb4 Ne4 20. Qxe7 Nxe7 21.
Bxe4 fxe4 22. Ne5 Nd5 23. Nxd5 exd5 24. Kg2 Re8 25. Rfc1 Ra5 26. e3 c5 27. Rc2
c4 28. Rb2 Re6 29. Rb5 Rea6 30. Rab1 Kf8 31. Kf1 Rxa4 32. Rxd5 Bh3+ 33. Ke1 Ra1
34. Rdb5 c3 35. Kd1 Bf1 36. Kc2 Bxb5 37. Rxb5 R6a2+ 38. Kxc3 Rc1+ 39. Kb4 Rxf2
40. Nd7+ Ke7 41. Nc5 b6 42. Rxb6 Rb2+ 0-1

[Event "Superettan(Rodeby-Wasa)"]
[Site "?"]
[Date "2011.12.03"]
[Round "3"]
[White "Persson, Jan"]
[Black "Ranby, Hans"]
[Result "0-1"]
[WhiteElo "2014"]
[BlackElo "1834"]
[PlyCount "64"]

1. c4 b6 2. Nc3 Bb7 3. e4 Nf6 4. d3 e5 5. Nf3 Nc6 6. Be2 Be7 7. a3 a5 8. Rb1
O-O 9. h3 d6 10. Be3 Nd7 11. g4 Nc5 12. b4 axb4 13. axb4 Ne6 14. Nd5 Qd7 15.
Qc1 Ncd4 16. Nxd4 exd4 17. Bd2 g6 18. Bh6 Ng7 19. Qb2 Bxd5 20. Qxd4 Ne6 21. Qc3
Bb7 22. g5 Bxg5 23. Bxf8 Rxf8 24. Rg1 Bh6 25. Bg4 Qe7 26. Bxe6 Qxe6 27. Kd1 f5
28. f3 fxe4 29. dxe4 Qxh3 30. Rb3 Qh2 31. Rf1 Ra8 32. Rb1 Ra2 0-1

[Event "Superettan(Orebro-SodraSASS)"]
[Site "?"]
[Date "2011.12.03"]
[Round "3"]
[White "Sjoberg, Mats"]
[Black "Nygren, Kim"]
[Result "1-0"]
[WhiteElo "2355"]
[BlackElo "2336"]
[PlyCount "97"]

1. d4 d5 2. Nf3 Nf6 3. c4 c6 4. e3 a6 5. Nbd2 b5 6. cxd5 cxd5 7. Bd3 Bb7 8. Nb3
e6 9. Bd2 Bd6 10. a4 b4 11. Ne5 Nfd7 12. f4 Qh4+ 13. g3 Qe7 14. O-O Bxe5 15.
dxe5 Nc6 16. Nd4 Qc5 17. Qe2 Qb6 18. Rfc1 O-O 19. Nxc6 Bxc6 20. a5 Qb7 21. Bxb4
Rfc8 22. Bd6 Bb5 23. Bxb5 axb5 24. Qd3 Rc4 25. b3 Rc6 26. Rc2 Rxc2 27. Qxc2 d4
28. exd4 Qf3 29. Re1 h5 30. b4 Re8 31. Qe4 Qc3 32. Qe3 Qc2 33. Rc1 Qa2 34. Rf1
Qd5 35. f5 exf5 36. Rxf5 Nf6 37. Bc5 Ne4 38. Qf3 g6 39. Rf4 f5 40. exf6 Kf7 41.
a6 Qa2 42. Be7 Qa1+ 43. Qf1 Qxd4+ 44. Kh1 g5 45. Rf5 Nd2 46. Qe2 g4 47. a7 Nc4
48. Bc5 Qa1+ 49. Rf1 1-0

[Event "Superettan(Orebro-SodraSASS)"]
[Site "?"]
[Date "2011.12.03"]
[Round "3"]
[White "Gruvaeus, Curt"]
[Black "Winge, Stefan"]
[Result "1-0"]
[WhiteElo "2324"]
[BlackElo "2312"]
[PlyCount "79"]

1. d4 Nf6 2. Nf3 g6 3. g3 Bg7 4. Bg2 O-O 5. O-O d5 6. c4 Nc6 7. cxd5 Nxd5 8.
Nc3 Nb6 9. e3 e5 10. d5 Na5 11. b3 e4 12. Nd4 Nxd5 13. Nxe4 b6 14. Bd2 c5 15.
Ne2 Nc6 16. N2c3 Nde7 17. Qe2 Nb4 18. Rfd1 Ba6 19. Qf3 Qc7 20. Nf6+ Kh8 21.
Nce4 Nbd5 22. Rac1 Bb7 23. Nxd5 Bxd5 24. Qf4 Qxf4 25. gxf4 Rfd8 26. Bc3 Bxc3
27. Nxc3 Bxg2 28. Kxg2 Kg7 29. Kf3 Nc6 30. h4 h5 31. f5 Rxd1 32. Rxd1 Rd8 33.
Rxd8 Nxd8 34. Ke4 Nc6 35. Nd5 Kf8 36. f6 Ke8 37. f4 b5 38. f5 Kd7 39. fxg6 fxg6
40. f7 1-0

[Event "Superettan(Orebro-SodraSASS)"]
[Site "?"]
[Date "2011.12.03"]
[Round "3"]
[White "Furhoff, Johan"]
[Black "Alm, Hakan"]
[Result "0-1"]
[WhiteElo "2403"]
[BlackElo "2325"]
[PlyCount "108"]
[SourceDate "2011.12.29"]

1. e4 c6 2. d4 d5 3. Nd2 dxe4 4. Nxe4 Bf5 5. Ng3 Bg6 6. Bc4 e6 7. N1e2 Bd6 8.
h4 h5 9. Nf4 Bxf4 10. Bxf4 Nf6 11. Qe2 Nbd7 12. Bb3 O-O 13. Bg5 Qb6 14. c3 a5
15. O-O Rfe8 16. Rad1 a4 17. Bc4 e5 18. Bxf6 Nxf6 19. dxe5 Ng4 20. e6 fxe6 21.
Rd6 Kh8 22. Rxe6 Qc5 23. Ne4 Qf5 24. Nd6 Rxe6 25. Bxe6 Qf4 26. Bxg4 hxg4 27.
Rd1 g3 28. fxg3 Qxg3 29. h5 Bh7 30. Nf7+ Kg8 31. Nd8 Bf5 32. Qe8+ Kh7 33. Qf7
Qg5 34. Nxb7 Ra7 35. Rd8 Qe3+ 36. Kh1 Qe1+ 37. Kh2 Qe5+ 38. Kh1 Rxb7 39. Qxb7
Qe1+ 40. Kh2 Qh4+ 41. Kg1 Qxd8 42. Qxc6 Qd1+ 43. Kf2 Qd2+ 44. Kf3 Qxb2 45. Qxa4
Qxc3+ 46. Kf4 Bc2 47. Qd7 Qc4+ 48. Kg5 Qxa2 49. g4 Qa5+ 50. Kh4 Qe1+ 51. Kg5
Qe3+ 52. Kh4 Qf2+ 53. Kh3 Be4 54. Qd6 Bg2+ 0-1

[Event "Superettan(Orebro-SodraSASS)"]
[Site "?"]
[Date "2011.12.03"]
[Round "3"]
[White "Lundin, Jan"]
[Black "Adler, Bo"]
[Result "1-0"]
[WhiteElo "2297"]
[BlackElo "2220"]
[PlyCount "105"]

1. e4 e5 2. Nf3 Nc6 3. Bb5 a6 4. Bxc6 dxc6 5. O-O f6 6. d4 exd4 7. Nxd4 c5 8.
Ne2 Qxd1 9. Rxd1 Bd7 10. Nbc3 Bd6 11. Bf4 Bxf4 12. Nxf4 Ne7 13. Ncd5 Nxd5 14.
Rxd5 b6 15. Rad1 Bc6 16. R5d2 O-O 17. Ne6 Rfc8 18. f3 Be8 19. a3 g5 20. e5 Kf7
21. Nd8+ Ke7 22. exf6+ Kxf6 23. Rd5 Bg6 24. c3 Bc2 25. R1d2 Bb3 26. Rd7 Ba4 27.
Rf7+ Kg6 28. Rf8 Kg7 29. Ne6+ Kg6 30. Rxc8 Rxc8 31. f4 h6 32. g4 gxf4 33. Rf2
Re8 34. Nxf4+ Kg5 35. h3 Bc6 36. Ng2 Re5 37. Kh2 Bxg2 38. Kxg2 Kh4 39. Rf6 Re2+
40. Kf3 Rh2 41. Rxh6+ Kg5 42. Kg3 Rd2 43. Rc6 Rd3+ 44. Kg2 Rd2+ 45. Kf3 Rd3+
46. Ke4 Rd2 47. b4 cxb4 48. cxb4 Re2+ 49. Kf3 Ra2 50. Rc3 Kh4 51. Ke4 Re2+ 52.
Kd5 Re7 53. Kc6 1-0

[Event "Superettan(Orebro-SodraSASS)"]
[Site "?"]
[Date "2011.12.03"]
[Round "3"]
[White "Nordenstrom, Sven"]
[Black "Zetterberg, Staffan"]
[Result "1/2-1/2"]
[WhiteElo "1983"]
[BlackElo "2314"]
[PlyCount "98"]

1. d4 Nf6 2. Nf3 c5 3. c3 g6 4. h3 Bg7 5. Bf4 O-O 6. e3 d6 7. Bd3 Nc6 8. O-O
Re8 9. Bh2 a6 10. Qe2 e5 11. dxe5 dxe5 12. Rd1 Qe7 13. Bc2 b6 14. Nbd2 e4 15.
Ne1 Bf5 16. Nc4 Qa7 17. Nd6 Re7 18. Nxf5 gxf5 19. Rd6 Ne5 20. f4 Ng6 21. Rad1
Ne8 22. R6d5 b5 23. Rxf5 c4 24. Rfd5 Nf6 25. Rd6 Qc5 26. Bg3 Ne8 27. R6d5 Qb6
28. Bf2 Nf6 29. Rd6 Qc7 30. Qd2 Rae8 31. g3 h5 32. Ng2 Qc8 33. Re1 Qxh3 34. Bd1
Qc8 35. Be2 a5 36. a3 Qh3 37. Rd1 Ng4 38. Bxg4 Qxg4 39. Re1 Re6 40. Rd5 Rb6 41.
Qd1 b4 42. Rxa5 bxc3 43. bxc3 Bxc3 44. Rg5 Qxd1 45. Rxd1 Bf6 46. Rc5 c3 47. Be1
Rb3 48. Rc1 Rxa3 49. Bxc3 Be7 1/2-1/2

[Event "Superettan(Orebro-SodraSASS)"]
[Site "?"]
[Date "2011.12.03"]
[Round "3"]
[White "Drugge, Patrick"]
[Black "Johansson, Per"]
[Result "1-0"]
[WhiteElo "2230"]
[BlackElo "1973"]
[PlyCount "81"]

1. e4 c6 2. d4 d5 3. exd5 cxd5 4. c4 Nf6 5. Nc3 Nc6 6. Bf4 Qa5 7. Qd2 Ne4 8.
Nxe4 dxe4 9. Qxa5 Nxa5 10. f3 Bf5 11. g4 Bg6 12. d5 Rc8 13. Rc1 e6 14. Bd2 b6
15. b4 e3 16. Bxe3 Bxb4+ 17. Kf2 exd5 18. cxd5 O-O 19. Ne2 Rxc1 20. Nxc1 Rd8
21. Bg2 Nc4 22. f4 Nxe3 23. Kxe3 Re8+ 24. Kd4 Bc5+ 25. Kc4 f5 26. g5 Bh5 27.
Kb5 Re3 28. Nb3 Be8+ 29. Ka6 Re2 30. Nxc5 Rxg2 31. Ne6 Rxa2+ 32. Kb7 Rd2 33.
Nc7 Bd7 34. Kxa7 b5 35. Kb6 Kf7 36. Ra1 Ke7 37. Ra7 b4 38. Kc5 Rc2+ 39. Kxb4
Rxh2 40. Ne6 g6 41. Nc5 1-0

[Event "Superettan(Orebro-SodraSASS)"]
[Site "?"]
[Date "2011.12.03"]
[Round "3"]
[White "Fors, Tomas"]
[Black "Lind, Jan-Olov"]
[Result "1/2-1/2"]
[WhiteElo "2030"]
[BlackElo "2253"]
[PlyCount "104"]

1. d4 Nf6 2. c4 g6 3. Nc3 Bg7 4. e4 d6 5. Nf3 O-O 6. Be2 Nbd7 7. Bg5 h6 8. Bh4
e5 9. d5 g5 10. Bg3 Nh5 11. O-O Nf4 12. Nd2 Nf6 13. b4 h5 14. f3 c6 15. Bf2 Bd7
16. Nb3 Ne8 17. Rc1 Bh6 18. Re1 cxd5 19. Nxd5 Nxd5 20. cxd5 b6 21. Be3 Kh7 22.
g4 hxg4 23. fxg4 Kg6 24. h3 Rh8 25. Bd3 Bf8 26. Qf3 Be7 27. Nd2 Rc8 28. Kg2
Rxc1 29. Rxc1 Nf6 30. b5 Qb8 31. a4 Nh7 32. Nf1 Rc8 33. Qd1 Rxc1 34. Qxc1 Nf8
35. Bd2 f6 36. Ne3 Kf7 37. Nf5 Ng6 38. Kh2 Bf8 39. Bf1 Qb7 40. Bb4 Qb8 41. Qa3
Bxf5 42. gxf5 Nf4 43. Qc3 Be7 44. a5 bxa5 45. Bxa5 Bd8 46. Bxd8 Qxd8 47. Qc6
Kg8 48. Qb7 Qa5 49. Qc8+ Kg7 50. Qd7+ Kh6 51. Qf7 Qd2+ 52. Kh1 Qf2 1/2-1/2

[Event "Superettan(Orebro-SodraSASS)"]
[Site "?"]
[Date "2011.12.03"]
[Round "3"]
[White "Blomstrom, Lars"]
[Black "Alqvist, Erik"]
[Result "1-0"]
[WhiteElo "2149"]
[BlackElo "1993"]
[PlyCount "67"]

1. e4 d6 2. d4 Nf6 3. Bd3 e5 4. c3 g6 5. Nf3 Nc6 6. Nbd2 Bg7 7. O-O O-O 8. dxe5
dxe5 9. Nc4 Nh5 10. Re1 Bg4 11. h3 Bxf3 12. Qxf3 Qh4 13. Bf1 Rad8 14. g3 Qe7
15. a4 Rd7 16. b4 Qe8 17. Be3 b6 18. Red1 Rxd1 19. Qxd1 f5 20. Qd5+ Kh8 21. b5
Ne7 22. Qe6 f4 23. gxf4 Nxf4 24. Qg4 Ng8 25. f3 Nf6 26. Qh4 N6h5 27. Rd1 Qe6
28. Qg4 Qf6 29. Rd7 Ne6 30. Nd2 Nhf4 31. Bc4 Rf7 32. Rxf7 Qxf7 33. Bxf4 Qxf4
34. Qxe6 1-0

[Event "Superettan(Schack 08-Burgsvik)"]
[Site "?"]
[Date "2011.12.03"]
[Round "3"]
[White "Fries Nielsen, Jens Ove"]
[Black "Ingbrant, Johan"]
[Result "1/2-1/2"]
[WhiteElo "2404"]
[BlackElo "2489"]
[PlyCount "82"]
[EventDate "2011.??.??"]

1. d4 d5 2. Bf4 Nf6 3. Nc3 c6 4. Qd3 Nbd7 5. Nf3 g6 6. e4 dxe4 7. Nxe4 Bg7 8.
Neg5 h6 9. Ne6 fxe6 10. Qxg6+ Kf8 11. O-O-O Qe8 12. Nh4 Qxg6 13. Nxg6+ Kg8 14.
Nxh8 Kxh8 15. Be2 b5 16. Bf3 Nd5 17. Bg3 Nf8 18. Rhe1 Bd7 19. c3 a5 20. Be4 Nh7
21. Bc2 Rf8 22. Re4 Bf6 23. h4 Rg8 24. Rde1 Nf8 25. Bd1 Be8 26. Rg4 Bg6 27. h5
Bf5 28. Rxg8+ Kxg8 29. f4 a4 30. a3 Nd7 31. Bh2 c5 32. g4 Bd3 33. Rxe6 cxd4 34.
cxd4 Bxd4 35. Bc2 Nc5 36. Bxd3 Nxe6 37. Bxb5 Nc5 38. Bc4 e6 39. f5 Kf7 40.
fxe6+ Kxe6 41. Kc2 Nd7 1/2-1/2

[Event "Superettan(Schack 08-Burgsvik)"]
[Site "?"]
[Date "2011.12.03"]
[Round "3"]
[White "Renman, Nils-Gustaf"]
[Black "Fries Nielsen, Niels J"]
[Result "1/2-1/2"]
[WhiteElo "2429"]
[BlackElo "2395"]
[PlyCount "66"]

1. d4 Nf6 2. Nf3 g6 3. c4 Bg7 4. Nc3 c5 5. d5 d6 6. e4 O-O 7. Be2 Bg4 8. O-O
Nbd7 9. h3 Bxf3 10. Bxf3 a6 11. a4 Ne8 12. Bg5 h6 13. Be3 Kh7 14. Be2 Nc7 15.
Qd2 Qe8 16. a5 Rb8 17. Rab1 b6 18. axb6 Rxb6 19. Na4 Rb4 20. Qc2 e6 21. Bd2 Rb8
22. Ba5 Rc8 23. Rfe1 Qe7 24. Qd2 Bd4 25. b4 Qh4 26. Bf1 Ne5 27. bxc5 Qg3 28.
Qe2 Nd3 29. Qxd3 Qxf2+ 30. Kh2 Qg1+ 31. Kg3 Qf2+ 32. Kh2 Qg1+ 33. Kg3 Qf2+
1/2-1/2

[Event "Superettan(Schack 08-Burgsvik)"]
[Site "?"]
[Date "2011.12.03"]
[Round "3"]
[White "Andersson, Bjorn"]
[Black "Faldt, Magnus"]
[Result "1-0"]
[WhiteElo "2302"]
[BlackElo "2240"]
[PlyCount "127"]

1. e4 c5 2. Nf3 Nc6 3. d4 cxd4 4. Nxd4 e6 5. Nc3 a6 6. Be3 Nf6 7. Qd2 Bb4 8. f3
d5 9. a3 Be7 10. Be2 e5 11. Nxc6 bxc6 12. Na4 d4 13. Bg5 h6 14. Bxf6 Bxf6 15.
O-O O-O 16. Bc4 Bg5 17. Qe2 Qa5 18. b3 Bd7 19. Nb2 Kh8 20. Nd3 Be3+ 21. Kh1 f5
22. b4 Qc7 23. Nc5 a5 24. Be6 Bc8 25. exf5 Rxf5 26. Bxf5 Bxf5 27. Ne4 Qe7 28.
Qc4 Qd7 29. bxa5 Rxa5 30. Rab1 Qd5 31. Rb8+ Kh7 32. Qb4 Rb5 33. Nf6+ gxf6 34.
Qe7+ Kg6 35. Rh8 Qf7 36. Qd8 Be6 37. Rf8 Qg7 38. Re8 Bf7 39. Re7 h5 40. Qd7 Rc5
41. g4 hxg4 42. Qxg4+ Kh7 43. Qf5+ Kg8 44. a4 Rd5 45. Rc7 Qg6 46. Qh3 f5 47.
Qh4 Rd6 48. a5 c5 49. Rb1 Re6 50. a6 Re8 51. a7 Bd5 52. Qh3 c4 53. Qg2 Qxg2+
54. Kxg2 d3 55. cxd3 cxd3 56. Rd7 Bxa7 57. Rxd5 e4 58. fxe4 fxe4 59. Rf1 Re7
60. h4 Rg7+ 61. Kh3 Bb6 62. h5 Rh7 63. Re1 Re7 64. Rxd3 1-0

[Event "Superettan(Schack 08-Burgsvik)"]
[Site "?"]
[Date "2011.12.03"]
[Round "3"]
[White "Schutz, Ingemar"]
[Black "Larsson, Victor"]
[Result "1-0"]
[WhiteElo "2232"]
[BlackElo "2193"]
[PlyCount "125"]

1. e4 c5 2. Nf3 Nc6 3. d4 cxd4 4. Nxd4 g6 5. Be2 Bg7 6. Nb3 Nf6 7. Nc3 O-O 8.
O-O d6 9. Bg5 a6 10. f4 h6 11. Bh4 b5 12. Bf3 Bb7 13. e5 Ne8 14. Nd5 Rb8 15.
Re1 f6 16. exd6 exd6 17. Qd3 g5 18. Bf2 f5 19. Nd4 Nxd4 20. Bxd4 Bxd5 21. Bxd5+
Kh7 22. Ba7 Rc8 23. Be6 Ra8 24. Bxf5+ Kh8 25. Bf2 gxf4 26. Re6 d5 27. Bc5 Rf6
28. Be7 Qd7 29. Bxf6 Qa7+ 30. Qd4 Qxd4+ 31. Bxd4 Bxd4+ 32. Kf1 Bxb2 33. Rxh6+
Kg7 34. Rg6+ Kf7 35. Rb1 Ng7 36. Bd3 Bc3 37. Rd6 d4 38. a4 Ne8 39. Rc6 b4 40.
Rxa6 Rd8 41. Bg6+ Kg7 42. Ke2 Nf6 43. Bd3 Re8+ 44. Kf3 Bd2 45. Rxf6 Kxf6 46.
Be4 Re5 47. Rd1 Be3 48. Ra1 Rc5 49. a5 Rc3 50. a6 d3 51. cxd3 Ra3 52. Rxa3 bxa3
53. Bd5 Ke5 54. Bc4 Ba7 55. Kg4 Bb8 56. Kg5 Kd4 57. h4 Ke3 58. h5 Kf2 59. h6
Kxg2 60. h7 f3 61. h8=Q f2 62. Bd5+ Kg1 63. Qh1# 1-0

[Event "Superettan(Schack 08-Burgsvik)"]
[Site "?"]
[Date "2011.12.03"]
[Round "3"]
[White "Krupenski, Juri"]
[Black "Ottenklev, Niclas"]
[Result "0-1"]
[WhiteElo "2256"]
[BlackElo "2204"]
[PlyCount "136"]

1. d4 f5 2. g3 g6 3. Bg2 Nf6 4. Nf3 Bg7 5. O-O d6 6. c3 e6 7. Qb3 Nc6 8. c4 O-O
9. d5 Na5 10. Qa4 b6 11. dxe6 Bxe6 12. Nd4 Bd7 13. Qc2 Ne4 14. Rd1 Qe7 15. Nb5
Be6 16. Nd2 Qf7 17. Na3 Rae8 18. Nxe4 fxe4 19. Be3 Nxc4 20. Nxc4 Bxc4 21. Rac1
Bxa2 22. Qxc7 Bxb2 23. Rc6 Ba3 24. Qxf7+ Rxf7 25. Rd2 Be6 26. Bf4 d5 27. e3 Bc5
28. Bf1 Kg7 29. h4 a5 30. h5 gxh5 31. Be2 Rd7 32. Bb5 Kf7 33. Rxc5 bxc5 34.
Bxd7 Bxd7 35. Rxd5 Bg4 36. Rxc5 Ra8 37. Kf1 a4 38. Be5 a3 39. Ke1 a2 40. Rc1
Ra3 41. Kd2 Rd3+ 42. Kc2 Be6 43. Bc3 Kg6 44. Rh1 Kg5 45. Be5 Bb3+ 46. Kb2 Bf7
47. Kc2 Bb3+ 48. Kb2 Bc4 49. Kc2 Bg8 50. Rh4 Ra3 51. Ba1 Bd5 52. Rh1 Kg4 53.
Rh4+ Kg5 54. Rh1 Rd3 55. Be5 Kg4 56. Rh4+ Kf3 57. Rxh5 Kxf2 58. Rxh7 Kxe3 59.
g4 Rd2+ 60. Kc1 Rg2 61. Rh3+ Ke2 62. Kc2 e3 63. Bd4 Be4+ 64. Kb3 Bd5+ 65. Kc2
Kf1+ 66. Kc1 Rxg4 67. Rxe3 Rxd4 68. Kc2 Ra4 0-1

[Event "Superettan(Schack 08-Burgsvik)"]
[Site "?"]
[Date "2011.12.03"]
[Round "3"]
[White "Forsback, Lenny"]
[Black "Scheid, Adam"]
[Result "1/2-1/2"]
[WhiteElo "2062"]
[BlackElo "1977"]
[PlyCount "86"]

1. d4 d5 2. c4 c6 3. Nf3 Nf6 4. e3 g6 5. Nc3 Bg7 6. Bd3 O-O 7. O-O dxc4 8. Bxc4
Nbd7 9. Re1 Nb6 10. Bb3 Nfd5 11. Bd2 Bg4 12. Nxd5 cxd5 13. h3 Bf5 14. Ba5 Rc8
15. Qe2 Qd6 16. Rac1 Rc6 17. Bxb6 Rxb6 18. Rc5 Rc6 19. Rxd5 Qc7 20. Ne5 Rc1 21.
Rxc1 Qxc1+ 22. Kh2 b6 23. Rb5 e6 24. Rb4 Qb1 25. Nc4 Rc8 26. Nd2 Qxb2 27. Rc4
Rxc4 28. Bxc4 Bb1 29. a4 Bf8 30. Nf3 Bd6+ 31. g3 Qxe2 32. Bxe2 Bc2 33. Bb5 a6
34. Bc6 Bd3 35. Nd2 b5 36. axb5 axb5 37. Kg2 Kf8 38. Kf3 Ke7 39. e4 Bb4 40. Ke3
Bc4 41. Nxc4 bxc4 42. Bb5 c3 43. Ba4 Ba3 1/2-1/2

[Event "Superettan(Schack 08-Burgsvik)"]
[Site "?"]
[Date "2011.12.03"]
[Round "3"]
[White "Akerman, Axel"]
[Black "Hansson, Christian"]
[Result "1-0"]
[WhiteElo "2125"]
[BlackElo "2100"]
[PlyCount "75"]

1. e4 c6 2. d4 d5 3. e5 Bf5 4. Nf3 e6 5. Be2 Nd7 6. O-O Ne7 7. Nbd2 Qc7 8. Nb3
h6 9. a4 g5 10. a5 a6 11. Bd2 Ng6 12. Rc1 Be7 13. c4 dxc4 14. Bxc4 Rd8 15. Qe2
g4 16. Ne1 h5 17. Bd3 Nh4 18. Bf4 Nf8 19. Be3 Rg8 20. Bxf5 Nxf5 21. Nd3 Ng6 22.
Ndc5 Ngh4 23. Rfd1 Nf3+ 24. Kh1 Ng5 25. Bxg5 Bxg5 26. Rc3 Qe7 27. Ne4 Rg6 28.
Rcd3 Kf8 29. Nbc5 Kg7 30. Qc2 h4 31. Qb3 g3 32. fxg3 hxg3 33. Nxg3 Nxd4 34. Qc4
Rh6 35. Rxd4 Rxh2+ 36. Kxh2 Rh8+ 37. Kg1 Be3+ 38. Kf1 1-0

[Event "Superettan(Schack 08-Burgsvik)"]
[Site "?"]
[Date "2011.12.03"]
[Round "3"]
[White "Dahlqvist, Ulf"]
[Black "Linusson, Pelle"]
[Result "1-0"]
[WhiteElo "1983"]
[BlackElo "2127"]
[PlyCount "85"]

1. d4 Nf6 2. Nf3 g6 3. c4 Bg7 4. Nc3 d6 5. g3 O-O 6. Bg2 c5 7. d5 Na6 8. O-O
Nc7 9. h3 Rb8 10. a4 a6 11. e4 Nd7 12. Qe2 b5 13. axb5 axb5 14. cxb5 Nb6 15.
Rd1 Bb7 16. Bf4 Ra8 17. Nd2 e5 18. Be3 Nd7 19. Nc4 Ne8 20. Qc2 f5 21. f4 exf4
22. Bxf4 Ne5 23. Bxe5 Bxe5 24. Nxe5 dxe5 25. Rxa8 Bxa8 26. Rf1 Nd6 27. Qd2 c4
28. Qe3 Qe7 29. Kh2 f4 30. gxf4 exf4 31. Qf3 Bb7 32. Ne2 g5 33. Nd4 Qe5 34. Ne6
Rf6 35. Qc3 Rxe6 36. dxe6 Qxe6 37. Qd4 Nf7 38. Bf3 Qe5 39. Qxe5 Nxe5 40. Kg2
Kf7 41. Rd1 Bc8 42. Rd5 Kf6 43. b6 1-0

[Event "Superettan(Lulea-Upsala)"]
[Site "?"]
[Date "2011.12.04"]
[Round "3"]
[White "Glimbrant, Torbjorn"]
[Black "Setterqvist, Kurt"]
[Result "1/2-1/2"]
[WhiteElo "2322"]
[BlackElo "2346"]
[PlyCount "62"]

1. c4 c5 2. g3 Nc6 3. Bg2 g6 4. Nc3 Bg7 5. Nf3 Nf6 6. O-O O-O 7. d4 cxd4 8.
Nxd4 Nxd4 9. Qxd4 d6 10. Qd3 a6 11. Be3 Bf5 12. Qd2 Rb8 13. Ba7 Ra8 14. Bd4 Rb8
15. Rac1 Bd7 16. Rfd1 Bc6 17. Nd5 Nxd5 18. Bxg7 Kxg7 19. Bxd5 Kg8 20. h4 Qb6
21. b3 Rbc8 22. h5 Bxd5 23. cxd5 Rc7 24. Rxc7 Qxc7 25. Rc1 Qd7 26. Qe3 Qf5 27.
Qxe7 Qxd5 28. h6 Qh5 29. Qxd6 Qxh6 30. Rc7 Qh5 31. e3 Qf3 1/2-1/2

[Event "Superettan(Lulea-Upsala)"]
[Site "?"]
[Date "2011.12.04"]
[Round "3"]
[White "Lundvik, Jonas"]
[Black "Pettersson, Tobias"]
[Result "1-0"]
[WhiteElo "2294"]
[BlackElo "2104"]
[PlyCount "119"]

1. Nf3 d6 2. g3 g6 3. Bg2 Bg7 4. c4 e5 5. d4 Nc6 6. dxe5 dxe5 7. O-O Qxd1 8.
Rxd1 Be6 9. Na3 f6 10. Nb5 Rc8 11. b3 Nge7 12. Ba3 a6 13. Nc3 Rd8 14. Nd2 Bc8
15. Rac1 Bf8 16. Nde4 Rxd1+ 17. Rxd1 f5 18. Nf6+ Kf7 19. Nfd5 Nxd5 20. Bxd5+
Be6 21. Bxf8 Rxf8 22. Bxc6 bxc6 23. f4 exf4 24. gxf4 Ke7 25. Kf2 h6 26. Na4 Rf6
27. Rd3 Bc8 28. Nc5 g5 29. Re3+ Kd6 30. Nd3 gxf4 31. Nxf4 Bd7 32. Rg3 Kc5 33.
Nd3+ Kd6 34. Ke3 Re6+ 35. Kd2 c5 36. Nf4 Rf6 37. Rd3+ Kc6 38. Rg3 Kd6 39. Nd5
Re6 40. Rg7 a5 41. Rf7 Rg6 42. Nf4 Rg1 43. Ke3 h5 44. Rf6+ Ke7 45. Nd5+ Kd8 46.
Rf8+ Be8 47. Rh8 Rg6 48. Kf4 c6 49. Kxf5 Rg2 50. Nf6 Rf2+ 51. Ke6 Rxe2+ 52. Kd6
Rd2+ 53. Kxc5 Ke7 54. Nxe8 Rxh2 55. Nd6 a4 56. b4 a3 57. Kxc6 Rxa2 58. Rxh5 Rb2
59. Re5+ Kf6 60. Ra5 1-0

[Event "Superettan(Lulea-Upsala)"]
[Site "?"]
[Date "2011.12.04"]
[Round "3"]
[White "Almstrom, Martin"]
[Black "Burwick, Malte"]
[Result "1/2-1/2"]
[WhiteElo "2266"]
[BlackElo "2289"]
[PlyCount "114"]

1. d4 Nf6 2. c4 e6 3. g3 Bb4+ 4. Nd2 d5 5. Bg2 O-O 6. Ngf3 c5 7. dxc5 Bxc5 8.
O-O Nc6 9. a3 a5 10. cxd5 exd5 11. Nb3 Bb6 12. Nbd4 Re8 13. b3 Bg4 14. Bb2 Rc8
15. Qd3 Ne4 16. Rad1 Qe7 17. h3 Bd7 18. e3 h6 19. Kh2 Ne5 20. Nxe5 Qxe5 21. Ba1
Qe7 22. a4 h5 23. h4 Bc7 24. Ne2 Be6 25. Nf4 Bxf4 26. exf4 Qb4 27. f5 Bxf5 28.
Qxd5 Rc5 29. Qd4 Qxd4 30. Rxd4 Nf6 31. Rd6 Ng4+ 32. Kg1 Re6 33. Rd5 Rxd5 34.
Bxd5 Re7 35. Bc3 Rd7 36. Bc4 b6 37. Re1 Kh7 38. f3 Nf6 39. Bxf6 gxf6 40. Kf2
Kg7 41. Re8 Bd3 42. Rc8 Bxc4 43. Rxc4 Rd3 44. b4 axb4 45. Rxb4 Ra3 46. g4 Kg6
47. Kg3 Kh6 48. Kf4 Kg6 49. Kg3 Kh6 50. g5+ fxg5 51. Rxb6+ Kg7 52. hxg5 Rxa4
53. Rf6 Ra1 54. Rh6 Rh1 55. f4 Rg1+ 56. Kf3 Rf1+ 57. Ke4 Re1+ 1/2-1/2

[Event "Superettan(Lulea-Upsala)"]
[Site "?"]
[Date "2011.12.04"]
[Round "3"]
[White "Lindberg, Henrik"]
[Black "Björkbom, Kent"]
[Result "1-0"]
[WhiteElo "2260"]
[BlackElo "2039"]
[PlyCount "115"]
[EventDate "2011.??.??"]

1. e4 e5 2. Nf3 Nc6 3. Nc3 Nf6 4. d4 exd4 5. Nxd4 Bb4 6. Nxc6 bxc6 7. Bd3 d5 8.
exd5 cxd5 9. O-O O-O 10. Bg5 c6 11. Na4 Re8 12. c3 Be7 13. Re1 Bg4 14. Qc2 h6
15. Bh4 Nd7 16. Bxe7 Rxe7 17. b4 Nb6 18. Nc5 Qd6 19. f3 Bd7 20. Qf2 Rae8 21.
Rxe7 Qxe7 22. Qd4 Qe3+ 23. Qxe3 Rxe3 24. Kf2 Re7 25. g4 Bc8 26. Rd1 Kf8 27. h4
g6 28. a4 Nd7 29. Nb3 Ne5 30. Be2 f5 31. gxf5 Bxf5 32. Nd4 Bd7 33. Rg1 Rg7 34.
f4 Nf7 35. Bd3 g5 36. hxg5 hxg5 37. fxg5 Nxg5 38. Ke3 Re7+ 39. Kd2 Ne4+ 40.
Bxe4 Rxe4 41. Rg6 a5 42. bxa5 c5 43. Nb3 Rxa4 44. Nxc5 Ra2+ 45. Ke3 Bb5 46. a6
Bc4 47. Kd4 Kf7 48. Rh6 Rd2+ 49. Ke3 Re2+ 50. Kf4 Bxa6 51. Nxa6 Re4+ 52. Kf5
Rc4 53. Rh7+ Kg8 54. Rc7 Ra4 55. Nb4 d4 56. Nd5 dxc3 57. Nf6+ Kf8 58. Kg6 1-0